Computers in manufacturing (Record no. 26322)

MARC details
000 -LEADER
fixed length control field 00387nam a2200133Ia 4500
082 ## - DEWEY DECIMAL CLASSIFICATION NUMBER
Classification number 681.31
Item number REM
100 ## - MAIN ENTRY--AUTHOR NAME
Personal name Rembold, Ulrich
245 #0 - TITLE STATEMENT
Title Computers in manufacturing
260 ## - PUBLICATION, DISTRIBUTION, ETC. (IMPRINT)
Place of publication New York
Name of publisher Marcel Dekker
Year of publication 1977
490 ## - SERIES STATEMENT
Series statement Manufacturing Engineering and materials processing No. 1
650 ## - SUBJECT ADDED ENTRY--TOPICAL TERM
Topical Term Programming languages
942 ## - ADDED ENTRY ELEMENTS (KOHA)
Koha item type Books
Holdings
Withdrawn status Lost status Damaged status Not for loan Home library Current library Date acquired Cost, normal purchase price Full call number Accession Number Koha item type
        RRII Library RRII Library 16/12/2021 39.50 681.31 REM 06959 Books